000 00437nam a2200181Ia 4500
001 23520
005 20260414150942.0
008 260414t2015||||xx |||||||||||||| ||spa||
041 _aESP
082 _a660.281
_bR22
100 _aRamírez López, Román
_eAUT
245 0 _aDiseño de reactores homogéneos
_b
260 _c2015
300 _a351 páginas :
_c27 cm.
650 _aTCA
654 _aCII
942 _cLIB
_dJUS
_fJUS
_2ddc
_n
999 _c23520
_d23520